Sports Quiz

Random Sports Quiz
Score 0/48 Timer 10:00
1 Play Today
Other Club Player % Correct
BarnsleyNone
100%
BournemouthNone
100%
Cardiff CityNone
100%
Coventry CityNone
100%
ReadingNone
100%
Swindon TownNone
100%
Aston VillaMark Blake, Franz Carr, Mark Draper, Simon Grayson, Emile Heskey, Julian Joachim, Garry Parker, Graham Fenton, Stan Collymore, Riccy Scimeca, Marc Albrighton
79.7%
Hull CityEldin Jakupovic, Harry Maguire
76%
Huddersfield TownBen Hamer
75.2%
ChelseaFrank Sinclair, Dennis Wise, Robert Huth, Mark Schwarzer, N'Golo Kante, Danny Drinkwater
71.1%
Birmingham CityEmile Heskey, Muzzy Izzet, Robbie Savage, Matthew Upson
70.9%
Blackburn RoversGraham Fenton, Robbie Savage, Tim Flowers, Callum Davidson, Paul Dickov, Marcus Bent, John Curtis, Keith Gillespie, Craig Hignett, Billy McKinlay, Danny Simpson
68.2%
LiverpoolEmile Heskey, Pegguy Arphexad, Stan Collymore, Paul Konchesky
65.5%
Manchester CitySpencer Prior, Paul Dickov, Steve Howey, Ben Thatcher, Kasper Schmeichel, Kelechi Iheanacho, Riyad Mahrez
61.9%
Manchester UnitedJohn Curtis, Keith Gillespie, Ritchie De Laet, Tom Lawrence, Nick Powell, Danny Simpson, Jonny Evans
61.4%
Newcastle UnitedNikos Dabizas, Les Ferdinand, Keith Gillespie, Steve Howey, Danny Simpson, Islam Slimani
57.5%
Tottenham HotspurKasey Keller, Ian Walker, Les Ferdinand, Steffen Freund, Ben Thatcher, Paul Konchesky
52.6%
Derby CountySpencer Prior, Robbie Savage, Gary Rowett, Dean Sturridge, Jacob Laursen
51.3%
Brighton and Hove AlbionAnthony Knockaert, Leonardo Ulloa
50.4%
ArsenalPaul Dickov, Matthew Upson
48.2%
Ipswich TownIan Marshall, James Scowcroft, Marcus Bent
47.2%
QPRAndy Impey, Les Ferdinand, Danny Simpson
47.2%
MiddlesbroughNicky Mohan, Brian Deane, Craig Hignett, Robert Huth, Mark Schwarzer, David Nugent
45.2%
Charlton AthleticGary Rowett, Simon Royce, Marcus Bent, Ben Thatcher, Paul Konchesky
44.5%
Other Club Player % Correct
West Ham UnitedTony Cottee, Andy Impey, Les Ferdinand, Paul Konchesky, Matthew Upson
44%
Crystal PalaceStan Collymore, Damien Delaney, Marcus Bent, Jeffrey Schlupp
43%
Stoke CityRichard Cresswell, Robert Huth, Matthew Upson
40.8%
Bolton WanderersFranz Carr, Kevin Poole, Gavin Ward, Mike Whitlow, Ian Marshall, Arnar Gunnlaugsson, Gerry Taggart, Les Ferdinand, Steve Howey
39.4%
FulhamKasey Keller, Billy McKinlay, Paul Konchesky, Mark Schwarzer
39.4%
EvertonTony Cottee, Gary Rowett, Marcus Bent
39.1%
Nottingham ForestStan Collymore, Alan Rogers
38.6%
Bradford CityJamie Lawrence, Stan Collymore, Billy McKinlay
36.9%
Wigan AthleticEmile Heskey, Marcus Bent
35.9%
Norwich CityMark Robins, Spencer Prior, Rob Ullathorne, Darren Eadie, Ade Akinbiyi, Ritchie De Laet
35.2%
Swansea CityNathan Dyer, Andy King
32%
Sheffield UnitedFranz Carr, Ade Akinbiyi, Brian Deane, Keith Gillespie
28.1%
BlackpoolGary Taylor-Fletcher
27.4%
Leeds UnitedMatthew Jones, Brian Deane
24.9%
Oldham AthleticIan Marshall
21.5%
WimbledonBen Thatcher
20.8%
PortsmouthJohn Curtis, David Nugent
19.1%
Wolverhampton WanderersDean Sturridge, Marcus Bent
17.4%
BurnleyDavid Nugent, Chris Wood
15.9%
West Bromwich AlbionPhil Gilchrist, Lee Marshall, Riccy Scimeca, Chris Wood, Jonny Evans
13.4%
SouthamptonMark Draper, Kasey Keller, Tim Flowers
13%
SunderlandSteve Agnew, Matthew Piper, Jonny Evans
9.3%
Sheffield WednesdayJulian Watts, Richard Cresswell
7.1%
WatfordCharlie Miller, Jordan Stewart
4.2%

You're not logged in!

Compare scores with friends on all Sporcle quizzes.
OR
Log In

Sporcle TV

Today on Sporcle TV


Watch our educational content, quiz creation guides, and fun videos on Sporcle TV.

Show Comments

Extras

Top Quizzes Today


Score Distribution

Paid Content

Your Account Isn't Verified!

In order to create a playlist on Sporcle, you need to verify the email address you used during registration. Go to your Sporcle Settings to finish the process.

Report this User

Report this user for behavior that violates our Community Guidelines.

Details: